Az állatvilág csodái. Az ész és ösztön a hit világításában.
Elmentve itt :
| Szerző: | |
|---|---|
| Adatforrás: | Philobibl |
| Forrásdokumentuma: | Katholikus Hitvédelmi Folyóirat 1903. évf. |
| Dokumentumtípus: | Cikk |
| Nyelv: | magyar |
| LEADER | 00340nab a2200097 c 4500 | ||
|---|---|---|---|
| 001 | bibDOK00027008 | ||
| 005 | 20200924122140.5 | ||
| 008 | 060518s1903 hu hun | ||
| 100 | 1 | |a Sándorffy Nándor | |
| 245 | 1 | 3 | |a Az állatvilág csodái. Az ész és ösztön a hit világításában. |c Sándorffy Nándor |
| 773 | 0 | |t Katholikus Hitvédelmi Folyóirat |g 1903. évf. | |